Measurement error and research design / (Record no. 5276)

MARC details
000 -LEADER
fixed length control field 01299cam a22003014a 4500
005 - DATE AND TIME OF LATEST TRANSACTION
control field 20260112063329.0
010 ## - LIBRARY OF CONGRESS CONTROL NUMBER
LC control number 2004-022908
020 ## - INTERNATIONAL STANDARD BOOK NUMBER
International Standard Book Number 1412906423 (pbk.)
035 ## - SYSTEM CONTROL NUMBER
System control number 13736797
039 ## - LEVEL OF BIBLIOGRAPHIC CONTROL AND CODING DETAIL [OBSOLETE]
Level of rules in bibliographic description 202206091410
Level of effort used to assign nonsubject heading access points staff
Level of effort used to assign subject headings 202206071115
Level of effort used to assign classification staff
-- 202206071106
-- staff
050 ## - LIBRARY OF CONGRESS CALL NUMBER
Classification number H62
Item number .V54 2005
082 ## - DEWEY DECIMAL CLASSIFICATION NUMBER
Classification number 001.42
Item number VIS
100 ## - MAIN ENTRY--PERSONAL NAME
Personal name Viswanathan, Madhu.
245 ## - TITLE STATEMENT
Title Measurement error and research design /
Statement of responsibility, etc. Madhu Viswanathan.
260 ## - PUBLICATION, DISTRIBUTION, ETC.
Place of publication, distribution, etc. Thousand Oaks :
Name of publisher, distributor, etc. SAGE Publications,
Date of publication, distribution, etc. c2005.
300 ## - PHYSICAL DESCRIPTION
Extent xxi, 434 p. :
Other physical details ill. ;
Dimensions 23 cm.
504 ## - BIBLIOGRAPHY, ETC. NOTE
Bibliography, etc. note Includes bibliographical references (p. 393-411) and index.
650 ## - SUBJECT ADDED ENTRY--TOPICAL TERM
Topical term or geographic name entry element Social sciences
General subdivision Research
-- Methodology.
650 ## - SUBJECT ADDED ENTRY--TOPICAL TERM
Topical term or geographic name entry element Measurement.
856 ## - ELECTRONIC LOCATION AND ACCESS
-- able of contents only
Uniform Resource Identifier <a href=" http://www.loc.gov/catdir/toc/ecip052/2004022908.html"> http://www.loc.gov/catdir/toc/ecip052/2004022908.html</a>
856 ## - ELECTRONIC LOCATION AND ACCESS
-- ublisher description
Uniform Resource Identifier <a href=" http://www.loc.gov/catdir/enhancements/fy0658/2004022908-d.html"> http://www.loc.gov/catdir/enhancements/fy0658/2004022908-d.html</a>
856 ## - ELECTRONIC LOCATION AND ACCESS
-- ontributor biographical information
Uniform Resource Identifier <a href=" http://www.loc.gov/catdir/enhancements/fy0734/2004022908-b.html"> http://www.loc.gov/catdir/enhancements/fy0734/2004022908-b.html</a>
906 ## - LOCAL DATA ELEMENT F, LDF (RLIN)
a 7
b cbc
c orignew
d 1
e ecip
f 20
g y-gencatlg
925 ## -
-- acquire
-- 2 shelf copies
-- policy default
991 ## -
-- VIRTUA
991 ## -
-- VTLSSORT0080*0100*0200*0350*0500*0820*1000*2450*2600*3000*5040*6500*6501*8560*8561*8562*9060*9250*9992
909 ## -
-- 5863
Holdings
Withdrawn status Lost status Damaged status Not for loan Home library Current library Date acquired Total checkouts Full call number Barcode Copy number Koha item type
        Indian Institute Of Management, Shillong Indian Institute Of Management, Shillong 07/06/2022   001.42 VIS 0012439   Reference
Copyright © 2026 Indian Institute of Management Shillong. All Rights Reserved.